000 01122nam a2200265Ia 4500
001 270.8-EUS ce vi (2694)
003 IT-MiSPE
008 171229s9999||||xx |||||||||||||| ||und||
040 _aIT-MiSPE
_cIT-MiSPE
041 _aITALIANO
100 _aEusebio di Cesarea (Eusèbe de Césarée)
240 _aVita Constantini
245 0 _aSulla vita di Costantino
250 _a1a ed. (v)
260 _aNapoli
_bD'Auria
_c1984
300 _a217 p.
_c23 cm
490 _aKoinonia
_v8
500 _aCostantino I, imperatore
501 _aEdizioni San Paolo srl - Piazza Soncino, 5 - 20092 CINISELLO BALSAMO (MI) (non commercial uses only) ® Copyright 2018
520 _aLuigi Tartaglia (intr., note)
700 _aLuigi Tartaglia
_g(traduzione)
942 _cBK
957 _71
999 _a14628
_bNO
_g Copie: 1
_c346458
_d346458